[Event "Hamedan 5th"]
[Site "Hamedan"]
[Date "2013.??.??"]
[Round "7.5"]
[White "Asadi, Sadegh"]
[Black "Ghazaghi, Parmida"]
[Result "1-0"]
[WhiteElo "2053"]
[BlackElo "1450"]
[PlyCount "39"]
[EventDate "2013.12.30"]
[EventType "tourn"]
[EventRounds "11"]
[EventCountry "IRI"]
[SourceTitle "EXT 2024"]
[Source "ChessBase"]
[SourceDate "2023.10.10"]
[SourceVersion "1"]
[SourceVersionDate "2023.10.10"]
[SourceQuality "1"]

1. e4 d5 2. e5 Nc6 3. d4 Bf5 4. c3 f6 5. f4 g6 6. Nd2 Bh6 7. g4 Be6 8. Qf3 Qd7 9. h3 0-0-0 10. Bd3 Rf8 11. f5 gxf5 12. gxf5 Bf7 13. e6 Bxe6 14. fxe6 Qxe6+ 15. Qe2 Qd7 16. Nb3 Qd6 17. Bxh6 Nxh6 18. 0-0-0 Re8 19. Qh5 Ng8 20. Qxe8+ 1-0

[Event "Hamedan 5th"]
[Site "Hamedan"]
[Date "2013.??.??"]
[Round "11.6"]
[White "Ghazaghi, Parmida"]
[Black "Taghvaei, Soheila"]
[Result "1/2-1/2"]
[WhiteElo "1450"]
[BlackElo "1450"]
[PlyCount "31"]
[EventDate "2013.12.30"]
[EventType "tourn"]
[EventRounds "11"]
[EventCountry "IRI"]
[SourceTitle "EXT 2024"]
[Source "ChessBase"]
[SourceDate "2023.10.10"]
[SourceVersion "1"]
[SourceVersionDate "2023.10.10"]
[SourceQuality "1"]

1. e4 e5 2. Nf3 Bc5 3. Nc3 Nc6 4. Bc4 d6 5. d3 Bg4 6. h3 Bh5 7. 0-0 Nf6 8. Re1 0-0 9. Be3 Bb4 10. a3 Ba5 11. b4 Bb6 12. Bxb6 axb6 13. Bd5 Nxd5 14. Nxd5 Bxf3 15. Qxf3 Nd4 16. Qd1 1/2-1/2